Lịch sử 11

Saved in:
Bibliographic Details
Format: Book
Language:Undetermined
Published: Hà Nội Giáo Dục 1999
Subjects:
Tags: Add Tag
No Tags, Be the first to tag this record!
Institutions: Trung tâm Học liệu Trường Đại học Cần Thơ
LEADER 00498nam a2200181Ia 4500
001 CTU_39811
008 210402s9999 xx 000 0 und d
082 |a 907 
082 |b L302 
245 0 |a Lịch sử 11 
245 0 |c Phan Ngọc Liên ... [ et al. ] 
260 |a Hà Nội 
260 |b Giáo Dục 
260 |c 1999 
650 |a Vietnam 
650 |x History,Study and teaching ( secondary ) 
904 |i Qhieu sửa 
980 |a Trung tâm Học liệu Trường Đại học Cần Thơ